• 首页
  • 本馆介绍
  • 公告通知
  • 最新文献
  • 馆藏检索
  • 电子资源
  • 读者导购
  • 参考咨询
  • 我的图书馆
  • 登录
  • 详细信息显示
  • 放入我的书架
  • 预约/预借图书
  • 作者相关作品
  • 分类相关作品
  • 丛书相关作品
  • 出版社相关作品

书目信息

  • 表格格式
  • 工作单格式
  • 卡片格式
题名:
老照片
    
 
作者: 冯克力, , 冯克力 主编
分册: 第一○八辑  
出版信息: 济南   山东画报出版社  2016.08
页数: 189页
开本: 21cm
丛书名:
单 册:
中图分类: K106 , K260.6 , K10
科图分类:
主题词: 世界史--shi jie shi--史料 , 中国历史--zhong guo li shi--现代史--史料
电子资源:
ISBN: 978-7-5474-2021-8
000 00996nam0 2200289 450
001 2231926338
005 20220918182806.94
010    @a978-7-5474-2021-8@dCNY20.00
100    @a20161130d2016 em y0chiy50 ea
101 0  @achi
102    @aCN@b370000
105    @aa z 000yy
200 1  @a老照片@Alao zhao pian@d= Old photos@f冯克力主编@FFeng Ke Li Zhu Bian@h第一○八辑@zeng
210    @a济南@c山东画报出版社@d2016.08
215    @a189页@c图@d21cm
314    @a书内题: 冯克力主编
330    @a本书通过照片讲述了照片背后的历史故事。书中收录文章包括《一代名医张纪正》、《外公白瑞生与七千人大会》、《我们那时读高中》、《阳光灿烂的笑容》等。
510 1  @aOld photos@zeng
606 0  @a世界史@Ashi jie shi@j史料
606 0  @a中国历史@Azhong guo li shi@x现代史@j史料
690    @aK106@v5
690    @aK260.6@v5
690    @aK10@v4
701  0 @a冯克力,@Afeng ke li@f1954-@4主编
701  0 @a冯克力@AFeng Ke Li@4主编
801  0 @aCN@b人天书店@c20161130
905    @aZUCC@dK10@e23:108
    
    老照片= Old photos/冯克力主编.第一○八辑.-济南:山东画报出版社,2016.08
    189页:图;21cm
    
    
    ISBN 978-7-5474-2021-8:CNY20.00
    本书通过照片讲述了照片背后的历史故事。书中收录文章包括《一代名医张纪正》、《外公白瑞生与七千人大会》、《我们那时读高中》、《阳光灿烂的笑容》等。
●
相关链接 在五车中查询图书 在当当中查询图书 在豆瓣中查询图书


正题名:老照片     索取号:K10/23:108         预约/预借

序号 登录号 条形码 馆藏地/架位号 状态 备注
1 2000895459   2000895459   第三书库/ [索取号:K10/23:108] 在馆    
2 2000895460   2000895460   第三书库/ [索取号:K10/23:108] 在馆    
3 2000895461   2000895461   第三书库/ [索取号:K10/23:108] 在馆    
山东省滨州职业学院图书馆 欢迎您!
大连网信软件有限公司© 版权所有